000 00670nam a2200241Ia 4500
008 160303s9999 xx 000 0 und d
020 _a971-08-5599-9
050 _aFIL HD 58.7
050 _b.L48 2004 c.2
100 _aLeveriza, Jose P.
245 _aHuman behavior in organizations :
245 _ba multi-disciplinary approach /
245 _cJose P. Leveriza.
260 _aMandaluyong:
260 _bNational Book Store,
260 _c2004
300 _a138 pages :
300 _billustrations ;
300 _c22 cm.
500 _aIncludes bibliographical references.
650 _aInterpersonal relations.
650 _aOrganizational behavior.
999 _c291240
_d291240